Harakah Islamiyyah : Satu Tuntutan

Bibliographic Details
Main Author: Yusuf Al-Qardawi Dr
Format: Book
Published: Selangor : Dewan Pustaka Fajar , 1983
Subjects:

MARC

LEADER 00000cam a2200000 7i4500
001 0000114500
005 20150622.0
008 150622 bmj
090 0 0 |a 297.7 YUS 
100 1 |a Yusuf Al-Qardawi Dr. 
245 1 0 |a Harakah Islamiyyah :   |b Satu Tuntutan   |c Dr. Yusuf Al-Qardawi 
260 |a Selangor :   |b Dewan Pustaka Fajar ,   |c 1983 
300 |a 46p. ;   |c 21 cm. 
650 0 0 |a Islamic Mission Religious & Education & Wars 
999 |a 0000330132   |b Buku   |c Rak Terbuka   |e Perpustakaan Cawangan Jasin